LEADER 01215nam a2200289 i 4500 001 000000112986 003 CaOOAMICUS 005 20030310000000.0 008 030310s1999 it u000 u ita u 013 $a85670 020 $a88-8227-047-5 040 $aSeMil$bita 100 1 $aDe Benedetti, Paolo ,$d<1927-2016>.$0(OLS)http://semarc/name/2612 245 10$aE l'asina disse ... :$bl'uomo e gli animali secondo la sapienza di Israele /$cPaolo De Benedetti. 260 $aMagnano :$bQiqajon,$c1999. 300 $a61 p. ;$c17 cm. 490 0 $aSympathetika 500 $aCon dedica autografa dell'Autore. - Fondo Card. C.M. Martini. 650 4$aBibbia - Tema [degli] Animali.$0(OLS)http://semarc/subject/20267 830 0$aSympathetika.$0(OLS)http://semarc/title/8360 850 $aSeMil 852 $aSeMil$W1$xVenegono$y1$m3F II 296$j68703$B68703$CSeMilBibl$Z2$F101046 $81 941 1 $a4 961 $aOmaggio: Martini Card. Carlo Maria 996 $6020$a88-8227-047-5$9(OLS)http://semarc/number/95764 996 $6245$aE l'asina disse ... :$bl'uomo e gli animali secondo la sapienza di Israele$9(OLS)http://semarc/title/164857 996 $6260$aMagnano :$bQiqajon$9(OLS)http://semarc/publisher/32326 LEADER 00749nam a2200193 i 4500 001 000000212980 003 CaOOAMICUS 005 20120504000000.0 008 120504s1863 it u000 u ita u 013 $a191830 040 $aSeMil$bita 245 10$aMario. 300 $a180, 7, 180 p. 500 $aContiene, nella seconda num. di pp. : Lettera di Vittor Hugo ai signorio Daelli e C. Editori di questa traduzione dei miserabili. 773 0 $aHugo, Victor <1802-1885>$tMiserabili.$dMilano : G. Daelli e C., 1862-1863.$gParte3$w()26705 850 $aSeMil 852 $aSeMil$W1$xVenegono$y1$m1V I 60 FA$j163410$B163410$CSeMilBibl$Z2$F174515 $8I 961 $aOmaggio: Seminario del Duomo 996 $6245$aMario$9(OLS)http://semarc/title/307265